000 00443nam a2200157Ia 4500
008 260417s2023 xx 000 0 und d
041 _aeng
082 _a615.19/TIW
_bDI-1082
100 _aDR.ABISHEK TIWARI
245 _aA PRACTICAL BOOK OF PHARMACEUTICAL CHEMISTRY
250 _a3RD ed
260 _aPUNE
_b2023
_bNIRALI PRAKASHAN
300 _aP.B/8.28p
650 _aPRACTICAL BOOK PHARMACEUTICAL CHEMISTRY
700 _aDR.B.M. SAHOO
999 _c1220393
_d1220393